Rezeption der Niveaustufen und Kompetenzskalen des Gemeinsamen Europäischen Referenzrahmens in Berufsbezogenen Tests und Prüfungen
The Common European Framework of Reference for Languages CEFR. Flexibilný a otvorený referenčný jazykový rámec schopný adaptácie požadovaným podmienkam. Pracovné témy a kariéra v CEFR a jeho adaptácia v profesiálnych súvislostiach.
Na minha lista:
| Autor principal: | |
|---|---|
| Outros Autores: | |
| Formato: | Capítulo de Livro |
| Idioma: | alemão |
| Assuntos: | |
| Tags: |
Sem tags, seja o primeiro a adicionar uma tag!
|
MARC
| LEADER | 00000naa a2200000 4500 | ||
|---|---|---|---|
| 001 | 0190992 | ||
| 005 | 20240502073218.7 | ||
| 041 | 0 | |a ger | |
| 044 | |a SK | ||
| 245 | 1 | 0 | |a Rezeption der Niveaustufen und Kompetenzskalen des Gemeinsamen Europäischen Referenzrahmens in Berufsbezogenen Tests und Prüfungen |c Heike Kuban, Mária Mrázová |
| 520 | |a The Common European Framework of Reference for Languages CEFR. Flexibilný a otvorený referenčný jazykový rámec schopný adaptácie požadovaným podmienkam. Pracovné témy a kariéra v CEFR a jeho adaptácia v profesiálnych súvislostiach. | ||
| 610 | 2 | 0 | |a jazyky cudzie |
| 610 | 2 | 0 | |a zamestnanie |
| 610 | 2 | 0 | |a certifikáty |
| 610 | 2 | 0 | |a kompetencie |
| 100 | 1 | |a Kuban, Heike | |
| 700 | 1 | |a Mrázová, Mária | |